ბათუმის შოთა რუსთაველის სახელმწიფო უნივერსიტეტის ბიბლიოთეკა

Материалы радиоэлектронной техники. (ბიბ.ჩანაწერი № 40517)

000 -LEADER
fixed length control field 00667nam a2200217Ia 4500
001 - CONTROL NUMBER
control field 7128
003 - CONTROL NUMBER IDENTIFIER
control field GE_BSU
008 - FIXED-LENGTH DATA ELEMENTS--GENERAL INFORMATION
fixed length control field 181216s||||||||xx |||||||||||||| ||und||
040 ## - CATALOGING SOURCE
Transcribing agency GE_BSU
080 ## - UNIVERSAL DECIMAL CLASSIFICATION NUMBER
Universal Decimal Classification number 621.39
100 ## - MAIN ENTRY--PERSONAL NAME
Personal name Богородицкий,Н.П. Пасынков,В.В.
245 ## - TITLE STATEMENT
Title Материалы радиоэлектронной техники.
245 ## - TITLE STATEMENT
Remainder of title Учеб. для вузов.
245 ## - TITLE STATEMENT
Statement of responsibility, etc. Ред.Л.А.Романова.
260 ## - PUBLICATION, DISTRIBUTION, ETC.
Place of publication, distribution, etc. М.
260 ## - PUBLICATION, DISTRIBUTION, ETC.
Name of publisher, distributor, etc. Высш. школа.
260 ## - PUBLICATION, DISTRIBUTION, ETC.
Date of publication, distribution, etc. 1969.
300 ## - PHYSICAL DESCRIPTION
Extent 424стр. с илл. 21см.
653 ## - INDEX TERM--UNCONTROLLED
Uncontrolled term Материалы радиоэлектронной техники.
942 ## - ADDED ENTRY ELEMENTS (KOHA)
Koha item type წიგნი
ეგზემპლარები
Withdrawn status Lost status Damaged status Not for loan Date acquired Barcode Date last seen Price effective from Koha item type
        2018-12-17 10149 2018-12-17 2018-12-17 წიგნი